00884nam a2200253 i 4500003000900000005001700009007000300026008004100029040003000070041000800100082001900108110007100127245003300198264006400231300004200295336002700337337003300364338002800397590002700425910001400452942001300466952013400479999001700613DO-SdBNP20250828130537.0ta250828t1999 dr a 000 0 spa d aDO-SdBNPbspacBNPHUerda aspa axxxxbR4262221 aRepública Dominicana.bSecretaría de Estado de la Mujer93823813aLa ley empieza en el hogar / 1aSanto Domingo :bSecretaría de Estado de la Mujer,c1999. a[12] páginasbilustracionesc27 cm. atextobtxt2rdacontent asin mediaciónbn2rdamedia avolumenbnc2rdacarrier aInventariado, 2025/ YL aYLockward 2ddccLF2 00102ddc51708PD-FaBNPHUbBNPHUcCTd2017-12-07eDonación l0oBNPHU F-PD xxxx R426p2025-8984r2025-08-28w2025-08-28yLF2 c59842d59842